Haz clic en las capitales de América del Sur en un mapa - Versión 2 - Estadísticas

Estadísticas generales
  • Esta prueba ha sido intentada 45 veces
  • La puntuación promedio es 12 de 15
Respuestas en el mapa
Las respuestas están codificadas por una escala verde-roja en el mapa de la prueba según el % correcto abajo.
 
Estadísticas de respuestas
Respuesta % Correcto
Brasília
97%
Buenos Aires
97%
Lima
94%
Montevideo
91%
Quito
91%
Santiago
91%
Caracas
88%
Asunción
85%
Bogotá
85%
Georgetown
85%
Paramaribo
76%
La Paz
73%
Sucre
67%
Cayenne
64%
Stanley
45%
No se encontraron pruebas coincidentes
Distribución de puntuación
Porcentaje de gente con cada puntuación
Porcentaje por número respondido
Historial de tus puntuaciones
No has intentado esta prueba.